000 00479nam a2200193Ia 4500
005 20240823014033.0
008 240823s9999||||xx |||||||||||||| ||und||
020 _a981-240-205-5
041 _aENGLISH
082 _A00416 P4
100 _a"Valvano,Jonathan W"
245 0 _aEmbedded Microcomputer Systems
250 _a1st
260 _c2004
_b"Thompson,Aust"
500 _aTRANSFERED
650 _aMicrocomputer
_bComputer Applications
942 _cBK
999 _c168932
_d168932